Statistics for 100 Biggest Cities in Oceania

Click here to take the quiz!

General Stats

  • This quiz has been taken 463 times
    (109 since last reset)
  • The average score is 30 of 100

Answer Stats

# Country Pop. City % Correct
1Australia4,914,343Sydney
98%
4Australia2,045,479Perth
95%
2Australia4,894,870Melbourne
94%
11New Zealand418,500Wellington
94%
5New Zealand1,570,100Auckland
93%
7Hawaii (USA)802,459Honolulu
93%
6Australia1,340,794Adelaide
91%
10Australia462,136Canberra
89%
13Papua New Guinea364,125Port Moresby
87%
12New Zealand404,500Christchurch
83%
3Australia2,430,180Brisbane
83%
29Australia133,331Darwin
80%
21Fiji185,913Suva
73%
8Australia693,671Gold Coast
71%
20Australia216,682Hobart
68%
48Samoa68,531Apia
58%
9Australia491,474Newcastle
57%
24Australia153,951Cairns
55%
98Australia26,930Alice Springs
55%
62Vanuatu51,437Port Vila
52%
38Solomon Islands84,520Honiara
48%
30New Zealand122,000Dunedin
47%
84Tonga35,184Nuku'alofa
44%
56Kiribati56,388South Tarawa
43%
23Australia181,668Townsville
42%
14Australia341,069Sunshine Coast
41%
16Australia306,034Wollongong
41%
18New Zealand241,200Hamilton
40%
17Australia275,794Geelong
38%
95Marshall Islands27,797Majuro
37%
22New Caledonia182,341Nouméa
35%
67Hawaii (USA)43,263Hilo
33%
40Australia79,081Rockhampton
33%
28French Polynesia136,771Papeete
29%
63New Zealand51,200Invercargill
27%
49New Zealand67,500Nelson
27%
46Fiji71,048Nadi
26%
51New Zealand59,500Rotorua
26%
27Australia138,223Toowoomba
26%
26New Zealand141,600Tauranga
25%
36Australia88,178Launceston
25%
25Papua New Guinea148,934Lae
24%
50New Zealand63,900Napier
24%
34Australia100,991Bendigo
24%
39Australia80,264Mackay
23%
15Australia335,470Central Coast
23%
33Australia107,652Ballarat
22%
37New Zealand86,600Palmerston North
21%
19Papua (Indonesia)233,859Jayapura
21%
35Australia94,837Albury
20%
80New Zealand37,200Gisborne
20%
59Northern Marianas52,263Saipan
20%
53New Zealand58,300New Plymouth
19%
41Australia74,591Bunbury
19%
55Australia56,675Wagga Wagga
19%
72Australia40,804Orange
17%
60Australia52,176Mildura
17%
79Australia37,225Geraldton
16%
65Australia45,631Gladstone
16%
64Australia48,723Port Macquarie
15%
45Australia71,309Bundaberg
15%
85Australia34,367Albany
15%
76Australia38,767Dubbo
15%
42Australia72,541Coffs Harbour
14%
52New Zealand58,700Whangarei
14%
68Australia43,188Tamworth
13%
47New Zealand70,600Hastings
12%
91Australia29,326Kalgoorlie-Boulder
11%
83Australia35,523Warrnambool
11%
86New Zealand31,600Blenheim
11%
44Fiji71,573Lautoka
11%
89Australia29,767Mount Gambier
9%
92New Zealand29,100Timaru
9%
77Australia37,838Nowra - Bomaderry
8%
70Australia42,249Traralgon
8%
31West Papua (Indonesia)118,017Sorong
8%
61Australia52,104Shepparton
8%
75Australia39,217Warragul
7%
96Australia27,343Burnie
7%
32Hawaii (USA)113,682Kailua
7%
88Australia30,629Devonport
7%
81Australia37,191Bathurst
7%
57Hawaii (USA)55,934Kahului
6%
93Australia28,576Lismore
6%
66Guam (USA)44,943Dededo
6%
71New Zealand40,900Wanganui
6%
74Australia39,618Busselton
6%
58Australia55,345Hervey Bay
6%
99Australia26,921Victor Harbor
4%
97Australia27,286Maryborough
4%
78Papua New Guinea37,825Wewak
4%
82Papua New Guinea35,971Madang
4%
73Australia40,411Bowral - Mittagong
4%
69New Zealand42,700Kapiti Coast
4%
94Australia28,276Nelson Bay
3%
87New Zealand31,400Pukekohe
3%
100Australia26,625Ballina
3%
90Papua New Guinea29,765Mount Hagen
2%
43Australia72,177Melton
2%
54Fiji57,882Nausori
1%

Score Distribution

Percentile by Number Answered

Percent of People with Each Score

Your Score History

You have not taken this quiz since the last reset